000 00361nam a22001457a 4500
003 OSt
005 20160727222421.0
008 160628b xxu||||| |||| 00| 0 eng d
040 _cTEST
100 _91278
_aHammond Incorporated
245 _aFamily World Atlas
260 _aNEW YORK
_bBOBLEY PUB. CO.
_cMCMLXIX
300 _aFamily World Atlas
942 _2ddc
_cBK
999 _c1045
_d1045